000 00482nam a2200205Ia 4500
003 OSt
005 20220924135007.0
006 a|||||r|||| 00| 0
007 ta
008 220923b |||||||| |||| 00| 0 ben d
024 _a288175
037 _cTextual
040 _aARTS
_cARTS
_bben
041 _2ben
_aben
082 _aN82v:N3, 157J3
245 0 _aSangil o sanskniti
260 _c1953
942 _hN82v:N3, 157J3
_cTEXL
_2CC
999 _c439381
_d439381